| 000 | 00375nam a2200109Ia 4500 | ||
|---|---|---|---|
| 008 | 171211s9999 xx 000 0 und d | ||
| 245 | _aComplete Krav Maga. The Ultimate Guide to Over 230 Self-Defense and Combative Techniques | ||
| 245 | _cDarren Levine and John Whitman | ||
| 260 | _c2007 | ||
| 650 | _xMartial Arts | ||
| 856 | _uhttp://down.ebook777.com/057/9781569755730.pdf | ||
| 999 |
_c348205 _d348205 |
||